Why CRM doesn't work : (Record no. 591524)

000 -LEADER
fixed length control field 01079cam a22002774a 4500
001 - CONTROL NUMBER
control field 12999738
005 - DATE AND TIME OF LATEST TRANSACTION
control field 20221006094520.0
008 - FIXED-LENGTH DATA ELEMENTS--GENERAL INFORMATION
fixed length control field 021112s2003 nju b 001 0 eng
010 ## - LIBRARY OF CONGRESS CONTROL NUMBER
LC control number 2002153916
020 ## - INTERNATIONAL STANDARD BOOK NUMBER
International Standard Book Number 1576601323 (alk. paper)
040 ## - CATALOGING SOURCE
Original cataloging agency DLC
Transcribing agency DLC
Modifying agency DLC
042 ## - AUTHENTICATION CODE
Authentication code pcc
050 00 - LIBRARY OF CONGRESS CALL NUMBER
Classification number HF5415.5
Item number .N49 2003
082 00 - DEWEY DECIMAL CLASSIFICATION NUMBER
Classification number 658.812
Author Mark NEW
100 1# - MAIN ENTRY--PERSONAL NAME
Personal name Newell, Frederick,
Dates associated with a name 1926-
9 (RLIN) 99205
245 10 - TITLE STATEMENT
Title Why CRM doesn't work :
Remainder of title how to win by letting customers manage the relationship /
Statement of responsibility, etc. Frederick Newell.
250 ## - EDITION STATEMENT
Edition statement 1st ed.
260 ## - PUBLICATION, DISTRIBUTION, ETC.
Place of publication, distribution, etc. London :
Name of publisher, distributor, etc. Kogan Page Limited,
Date of publication, distribution, etc. c2004.
300 ## - PHYSICAL DESCRIPTION
Extent xvii, 263 p. ;
Dimensions 23 cm.
504 ## - BIBLIOGRAPHY, ETC. NOTE
Bibliography, etc. note Includes bibliographical references (p. 243-254) and index.
650 #0 - SUBJECT ADDED ENTRY--TOPICAL TERM
Topical term or geographic name entry element Customer relations
General subdivision Management.
9 (RLIN) 99206
856 42 - ELECTRONIC LOCATION AND ACCESS
Materials specified Publisher description
Uniform Resource Identifier <a href="http://www.loc.gov/catdir/enhancements/fy0715/2002153916-d.html">http://www.loc.gov/catdir/enhancements/fy0715/2002153916-d.html</a>
906 ## - LOCAL DATA ELEMENT F, LDF (RLIN)
a 7
b cbc
c orignew
d 1
e ecip
f 20
g y-gencatlg
942 ## - ADDED ENTRY ELEMENTS (KOHA)
Source of classification or shelving scheme
Koha item type Book
Holdings
Withdrawn status Lost status Source of classification or shelving scheme Damaged status Not for loan Permanent Location Current Location Shelving location Date acquired Source of acquisition Total Checkouts Full call number Barcode Date last seen Price effective from Koha item type
          Central Library (CL) Central Library (CL) Chinese Studies 10/06/2022 Donated by China Embassy   658.812 NEW CL-D-2013 10/06/2022 10/06/2022 Book
© 2023 Central Library, National University of Sciences and Technology. All Rights Reserved.